El verso y la prosa (Record no. 156189)
[ view plain ]
| 000 -LEADER | |
|---|---|
| campo de control de longitud fija | 00841nam a22002175i 4500 |
| 001 - NÚMERO DE CONTROL | |
| campo de control | 156189 |
| 003 - IDENTIFICADOR DE NÚMERO DE CONTROL | |
| campo de control | ES-MaACL |
| 005 - FECHA Y HORA DE LA ÚLTIMA TRANSACCIÓN | |
| campo de control | 20250824053634.0 |
| 008 - DATOS DE LONGITUD FIJA--INFORMACIÓN GENERAL | |
| campo de control de longitud fija | 990504s1890 sp |||| | spa d |
| 040 ## - FUENTE DE CATALOGACIÓN | |
| Centro catalogador/agencia de origen | CAM |
| Lengua de catalogación | spa |
| Centro/agencia transcriptor | CAM |
| 100 1# - ENTRADA PRINCIPAL--NOMBRE DE PERSONA | |
| Nombre de persona | Jackson Veyán, José. |
| 9 (RLIN) | 65824 |
| 245 13 - MENCIÓN DEL TÍTULO | |
| Título | El verso y la prosa |
| Resto del título | : juguete cómico en un acto en prosa y verso / |
| Mención de responsabilidad, etc. | original de José Jackson Veyán. |
| 260 ## - PUBLICACIÓN, DISTRIBUCIÓN, ETC. | |
| Lugar de publicación, distribución, etc. | Madrid : |
| Nombre del editor, distribuidor, etc. | Arregui y Aruej, |
| Fecha de publicación, distribución, etc. | 1890. |
| 300 ## - DESCRIPCIÓN FÍSICA | |
| Extensión | 31 p. ; |
| Dimensiones | 20 cm. |
| 490 1# - MENCIÓN DE SERIE | |
| Mención de serie | Biblioteca lírico-dramática y teatro cómico |
| 500 #1 - NOTA GENERAL | |
| Nota general | "Representado... el 20 de septiembre de 1890 en el Teatro Romea" |
| 650 #0 - PUNTO DE ACCESO ADICIONAL DE MATERIA--TÉRMINO DE MATERIA | |
| Término de materia o nombre geográfico como elemento de entrada | Teatro- |
| Subdivisión cronológica | S.XIX |
| 9 (RLIN) | 234197 |
| 830 00 - PUNTO DE ACCESO ADICIONAL DE SERIE-TÍTULO UNIFORME | |
| Título uniforme | Biblioteca lirico-dramática y teatro cómico |
| 9 (RLIN) | 188056 |
| 852 ## - LOCALIZACIÓN | |
| Ubicación | ES-MaACL |
| Número de control de estantería | F-4092(12) |
| Nota libre | -- Enc. hol. |
| condición física | -- Falto de la cub. original |
| Estatus retirado | Estado de pérdida | Estado de daño | No para préstamo | Colección | Biblioteca de origen | Biblioteca actual | Ubicación en estantería | Fecha de adquisición | Fuente de adquisición | Total de préstamos | Signatura topográfica completa | Código de barras | Visto por última vez | Precio de reemplazo | Tipo de ítem Koha |
|---|---|---|---|---|---|---|---|---|---|---|---|---|---|---|---|
| Libros del s. XIX | Biblioteca del Ateneo de Madrid | Biblioteca del Ateneo de Madrid | Depósito 2 | 17/01/2008 | F-4092(12) | 1163401 | 23/02/2023 | 23/02/2023 | Libro impreso antiguo |
